000 00908nas a2200289 4500
001 BR2012002009
003 BR-BrBNA
005 20231205120350.0
007 ta
008 230509b bl.|||p| |||| 00| 00por d
040 _aBR-BrBNA
_bpor
_cBiblioteca Nacional de Agricultura
041 _a(Pt)
072 _aH20
100 1 _aSouza Filho, M.F. de
100 1 _aBergmann, E.C.
100 1 _aImenes, S.D.L.
245 1 _aIncidência de Pygiopachymerus lineola (Chevrolat), parasitado por urosigalphus sp., em sementes de Cassi fistula L. e C. Nodosa buch
650 _aÁRVORE ORNAMENTAL
650 _aCOLEOPTERO
650 _aPARASITO
650 _aINFESTAÇÃO
650 _aSEMENTE
650 _aDOENÇA DE PLANTA
773 0 _tO Biológico (Brazil)
_xISSN 0366-0567
_g(Jan-Dec 1995), v. 57(1-2) p. 41-44
_wBR2012002009
909 _a202311
_bLúcia
_c55
_dLúcia Elande
942 _2AGRIS
_n0
_cANA
999 _c218142
_d218142